[Event "2023 Standard Chess Dropout Tournament, Round 1"]
[Site "SchemingMind.com"]
[Date "2023.01.06"]
[Round "1"]
[White "Sebastian Strauchler"]
[Black "Thomas Jacob Kelly"]
[Result "1-0"]
[WhiteCountry "ARG"]
[BlackCountry "USA"]
[WhiteElo "2240"]
[WhiteRD "143"]
[BlackElo "1773"]
[BlackRD "101"]
[GameID "729934"]

1. e4 c5 2. Nf3 a6 3. d4 cxd4 4. Nxd4 Nf6 5. Bd3 e6 6. O-O d6 7. c4 b6 8. Nc3 Bb7 9. Be3 Nbd7 10. f3 Rc8
11. Rc1 d5 12. exd5 exd5 13. Re1 Be7 14. cxd5 Nxd5 15. Nxd5 Bxd5 16. Nf5 Be6 17. Nxg7+ Kf8 18. Bh6 Kg8 19. Nxe6 fxe6 20. Qb3 Bc5+
21. Kh1
1-0

[Event "2023 Standard Chess Dropout Tournament, Round 1"]
[Site "SchemingMind.com"]
[Date "2023.01.06"]
[Round "1"]
[White "Michael Christensen"]
[Black "spoke"]
[Result "1/2-1/2"]
[WhiteCountry "GER"]
[BlackCountry "GER"]
[WhiteElo "1870"]
[WhiteRD "76"]
[BlackElo "1820"]
[BlackRD "66"]
[GameID "729936"]

1. c4 Nf6 2. g3 g6 3. Bg2 Bg7 4. Nc3 O-O 5. d3 c5 6. e4 e5 7. Nge2 d6 8. O-O Nc6 9. f4 Bg4 10. fxe5 dxe5
11. h3 Bxe2 12. Qxe2 Nh5 13. Qf3 Nd4 14. Qf2 f5 15. exf5 Rxf5 16. Bd5+ Kh8 17. Qg2 Rxf1+ 18. Kxf1 Qe7 19. Kg1 Rb8 20. Be3 Nf5
21. Bf2 b6 22. Re1 Nf6 23. Bc6 Nd4 24. Bxd4 cxd4 25. Nd5 Nxd5 26. Bxd5 Rf8 27. Rf1 Rxf1+ 28. Qxf1 Qg5 29. Qf2 Qf6=
1/2-1/2

[Event "2023 Standard Chess Dropout Tournament, Round 1"]
[Site "SchemingMind.com"]
[Date "2023.01.02"]
[Round "1"]
[White "Steven DuCharme"]
[Black "Wojtek26"]
[Result "1/2-1/2"]
[WhiteCountry "USA"]
[BlackCountry "POL"]
[WhiteElo "1515"]
[WhiteRD "67"]
[BlackElo "1474"]
[BlackRD "70"]
[GameID "729937"]

1. c4 e5 2. g3 Nf6 3. Bg2 Nc6 4. Nc3 Bb4 5. Nd5 Be7 6. a3 d6 7. b3 Be6 8. Bb2 O-O 9. Nxe7+ Qxe7 10. Nf3 Rad8
11. O-O Bg4 12. h3 Bh5 13. d3 a6 14. e4 Nd4 15. Bxd4 exd4 16. Qd2 c5 17. b4 b6 18. Rfb1 Rb8 19. bxc5 bxc5 20. a4 Qc7
21. a5 Nd7 22. Qc2 Rxb1+ 23. Qxb1 Rb8 24. Qc1 Ne5 25. Nxe5 dxe5 26. Rb1 f6 27. g4 Bf7 28. Rxb8+ Qxb8 29. Qa3 Be8 30. Qxc5 Qb1+
31. Kh2 Qxd3 32. Qd5+ Kf8 33. Qd6+ Kf7 34. Qxa6 Qd2 35. Qb7+ Kf8 36. a6=
1/2-1/2

[Event "2023 Standard Chess Dropout Tournament, Round 1"]
[Site "SchemingMind.com"]
[Date "2023.01.02"]
[Round "1"]
[White "Kid A"]
[Black "Greg Magne"]
[Result "1-0"]
[WhiteCountry "FIN"]
[BlackCountry "CAN"]
[WhiteElo "1653"]
[WhiteRD "135"]
[BlackElo "1772"]
[BlackRD "80"]
[GameID "729938"]

1. e4 c5 2. d4 cxd4 3. c3 dxc3 4. Nxc3 Nc6 5. Nf3 d6 6. Bc4 e6 7. O-O Nf6 8. Qe2 Be7 9. Rd1 Ng4 10. h3 Nge5
11. Nxe5 Nxe5 12. Bf4 Nxc4 13. Qxc4 O-O 14. Bxd6 Bxd6 15. Nb5 Qf6 16. Nxd6 Qxb2 17. Rab1 Qf6 18. Nxb7 h6 19. Nd6 a5 20. Qc6 Ba6
21. Rb6 Be2 22. Re1 Bh5 23. e5 Qg5 24. Re3 Bg6 25. Rb7 a4 26. Qc7 a3 27. Qc5 f6 28. Qc7 Bh5 29. Rg3
1-0

[Event "2023 Standard Chess Dropout Tournament, Round 1"]
[Site "SchemingMind.com"]
[Date "2023.01.02"]
[Round "1"]
[White "Thomas Jacob Kelly"]
[Black "Andrea Carra"]
[Result "0-1"]
[WhiteCountry "USA"]
[BlackCountry "ITA"]
[WhiteElo "1773"]
[WhiteRD "101"]
[BlackElo "1900"]
[BlackRD "98"]
[GameID "729939"]

1. e4 e6 2. d4 d5 3. Bd3 dxe4 4. Bxe4 Nf6 5. Qf3 Nxe4 6. Qxe4 Nd7 7. c3 Nf6 8. Qc2 b6 9. Bg5 Bb7 10. f3 Be7
11. Nd2 O-O 12. h4 h6 13. g4 Qd6 14. Ne2 Nxg4 15. Ne4 Bxe4 16. Qxe4 Nf6 17. Qc2 c5 18. O-O-O Qc6 19. Rdg1 h5 20. Nf4 Qc7
21. Kb1 cxd4 22. Bxf6 Bxf6 23. Nxh5 Qe5 24. Nxf6+ Qxf6 25. Rg5 Rfd8 26. Rhg1 d3 27. Qg2 d2 28. Kc2 Kf8 29. Rd1 Rac8 30. Rxd2 Rxd2+
31. Kxd2 Qf4+ 32. Kc2 Qa4+ 33. Kc1 Rd8 34. b3 Qf4+
0-1

[Event "2023 Standard Chess Dropout Tournament, Round 1"]
[Site "SchemingMind.com"]
[Date "2023.01.04"]
[Round "1"]
[White "Johnny Owens"]
[Black "Ninaner2"]
[Result "1/2-1/2"]
[WhiteCountry "USA"]
[BlackCountry "NED"]
[WhiteElo "2365"]
[WhiteRD "92"]
[BlackElo "2287"]
[BlackRD "94"]
[GameID "729940"]

1. Nf3 Nf6 2. b3 d5 3. Bb2 e6 4. g3 Be7 5. Bg2 O-O 6. c4 c5 7. cxd5 Nxd5 8. O-O Nc6 9. d4 Nxd4 10. Nxd4 Bf6
11. Nc6 bxc6 12. Bxf6 Qxf6 13. Nd2 Nc3 14. Ne4 Nxe4 15. Bxe4 Ba6 16. Qc2 g6 17. Bf3 Rad8 18. Rac1 Qe5 19. h4 h5 20. Rfd1 Kg7
21. Kg2 Rxd1 22. Rxd1 c4 23. bxc4 Qc5 24. Rc1 Rb8 25. Qa4 Rb6 26. e3 Qb4 27. Qxb4 Rxb4 28. Bxc6 Rxc4 29. Rxc4 Bxc4 30. a3 Kf6
31. f3 e5 32. Kf2 Ke6 33. Ba4 e4 34. f4 Kf6 35. Bd1 Be6 36. Ke1 Bc4 37. Bc2 Kf5 38. Kf2 f6 39. Bd1 Bb5 40. Kg2 Bc4
41. Kh2 Bd3 42. Kh1 Bf1 43. Kg1 Bb5=
1/2-1/2

[Event "2023 Standard Chess Dropout Tournament, Round 1"]
[Site "SchemingMind.com"]
[Date "2023.01.02"]
[Round "1"]
[White "Rubén Pulido "]
[Black "TigerFeet"]
[Result "1-0"]
[WhiteCountry "CUB"]
[BlackCountry "ENG"]
[WhiteElo "2531"]
[WhiteRD "108"]
[BlackElo "1773"]
[BlackRD "215"]
[GameID "729942"]

1. e4 d5 2. exd5 Qxd5 3. Nc3 Qa5 4. d4 Nf6 5. Nf3 Bf5 6. Bc4 e6 7. Bd2 Bb4 8. a3 Bxc3 9. Bxc3 Qb6 10. Qe2 O-O
11. O-O-O Nc6 12. Rhg1 Rad8 13. g4 Be4 14. Nd2 Bd5 15. g5 Ne8 16. Bd3 g6 17. Rg4 Ng7 18. h4 Nf5 19. h5 Nfxd4 20. Rxd4 Nxd4
21. Qe5 c5 22. hxg6 fxg6 23. b4 Qd6 24. Qxd6 Rxd6 25. bxc5 Ne2+ 26. Bxe2 Rdd8 27. Bd4 Bc6 28. Be3 e5 29. Re1 Rde8 30. Bc4+ Kg7
31. Bb3 Rd8 32. a4 a5 33. Nc4
1-0

[Event "2023 Standard Chess Dropout Tournament, Round 1"]
[Site "SchemingMind.com"]
[Date "2023.01.04"]
[Round "1"]
[White "LockettJ"]
[Black "Reun29"]
[Result "1-0"]
[WhiteCountry "ENG"]
[BlackCountry "SUI"]
[WhiteElo "2100"]
[WhiteRD "90"]
[BlackElo "1938"]
[BlackRD "104"]
[GameID "729943"]

1. f4 d5 2. Nf3 Bg4 3. e3 Nd7 4. h3 Bxf3 5. Qxf3 Ngf6 6. d4 c6 7. Bd3 e6 8. Nd2 Bd6 9. O-O O-O 10. e4 dxe4
11. Nxe4 Nxe4 12. Qxe4 Nf6 13. Qf3 Qc7 14. c3 Nd5 15. Bd2 Rad8 16. Rad1 c5 17. c4 Nf6 18. dxc5 Bxc5+ 19. Kh2 a6 20. Bc3 Be7
21. Be5 Qc5 22. Qxb7 a5 23. a3 Rd7 24. Bxh7+ Kh8 25. Rxd7 Nxd7 26. Qxd7 Kxh7 27. Rf3 Rd8 28. Qb7 Kg8 29. Qe4 Rd1 30. Bc3 Bh4
31. Re3 Bf2 32. Rd3 Bg1+ 33. Kh1 Rc1 34. Rd8+
1-0

[Event "2023 Standard Chess Dropout Tournament, Round 1"]
[Site "SchemingMind.com"]
[Date "2023.01.02"]
[Round "1"]
[White "malcolm chugg"]
[Black "roscoe"]
[Result "1-0"]
[WhiteCountry "WLS"]
[BlackCountry "USA"]
[WhiteElo "1200"]
[WhiteRD "51"]
[BlackElo "1148"]
[BlackRD "88"]
[GameID "729944"]

1. e3 a6 2. d4 d5 3. Nf3 Bg4 4. Nc3 e6 5. Be2 Nf6 6. h3 Bxf3 7. Bxf3 Bb4 8. Bd2 O-O 9. a3 Bxc3 10. Bxc3 Nbd7
11. Bb4 Re8 12. Qd2 Rc8 13. O-O Ne4 14. Bxe4 dxe4 15. Rfd1 g6 16. d5 b6 17. dxe6 Rxe6 18. Qxd7 Qxd7 19. Rxd7 h5 20. Rad1 c5
21. Bc3
1-0

[Event "2023 Standard Chess Dropout Tournament, Round 1"]
[Site "SchemingMind.com"]
[Date "2023.01.04"]
[Round "1"]
[White "maro"]
[Black "splinter"]
[Result "0-1"]
[WhiteCountry "MEX"]
[BlackCountry "CAN"]
[WhiteElo "1445"]
[WhiteRD "68"]
[BlackElo "1826"]
[BlackRD "82"]
[GameID "729945"]

1. e4 c5 2. Bc4 Nc6 3. Nf3 g6 4. d4 cxd4 5. Nxd4 Bg7 6. Nxc6 bxc6 7. Qf3 e6 8. Nc3 Ne7 9. Bg5 O-O 10. e5 Bxe5
11. Bh6 Bg7 12. Bxg7 Kxg7 13. Ne4 d5 14. Qf6+ Kg8 15. O-O-O Qc7 16. Ng5 dxc4 17. Qc3 Qf4+ 18. Kb1 Qxg5 19. Qxc4 Qxg2 20. f4 a5
21. Rhf1 Ba6
0-1

[Event "2023 Standard Chess Dropout Tournament, Round 1"]
[Site "SchemingMind.com"]
[Date "2023.01.01"]
[Round "1"]
[White "Juan Jose Rivas Maceda"]
[Black "Matthew Bailey"]
[Result "1/2-1/2"]
[WhiteCountry "PER"]
[BlackCountry "ENG"]
[WhiteElo "2582"]
[WhiteRD "80"]
[BlackElo "2584"]
[BlackRD "73"]
[GameID "729946"]

1. e4 e5 2. Nf3 Nf6 3. Nc3 Nc6 4. Bb5 Nd4 5. Ba4 c6 6. Nxe5 d6 7. Nf3 Bg4 8. d3 d5 9. exd5 Nxd5 10. O-O Be7
11. Re1 a5 12. Nxd5 Qxd5 13. Re4 Nxf3+ 14. gxf3 Bf5 15. Re1 b5 16. Bb3 Qd6 17. a4 O-O 18. Kh1 Bf6 19. d4 Qxd4 20. Qxd4 Bxd4
21. Rd1 bxa4 22. Bxa4 Bxf2 23. Bxc6 Rac8 24. Rxa5 Rxc6 25. Rxf5 Rxc2 26. b4 f6 27. Bf4 Rb2 28. Rd2 Rxd2 29. Bxd2 Rd8 30. Bf4 Rd4
31. Kg2 Be1 32. b5 Rb4 33. Be3 Rb3 34. Bd4 Ba5 35. h4 Kf7 36. h5 h6 37. b6 Bxb6 38. Bxb6 Rxb6 39. Ra5 Rb1=
1/2-1/2

[Event "2023 Standard Chess Dropout Tournament, Round 1"]
[Site "SchemingMind.com"]
[Date "2023.01.03"]
[Round "1"]
[White "Matthew Bailey"]
[Black "Thomas Meehan"]
[Result "1-0"]
[WhiteCountry "ENG"]
[BlackCountry "ENG"]
[WhiteElo "2618"]
[WhiteRD "74"]
[BlackElo "1557"]
[BlackRD "165"]
[GameID "729947"]

1. d4 Nf6 2. c4 g6 3. Nc3 Bg7 4. e4 d6 5. Nf3 O-O 6. Be2 e5 7. O-O Nc6 8. d5 Ne7 9. b4 Nh5 10. Re1 f5
11. a4 Nf6 12. a5 a6 13. Nd2 f4 14. c5 Bd7 15. Qb3 Qe8 16. b5 dxc5 17. d6+ Kh8 18. dxe7 Qxe7 19. bxa6 bxa6 20. Nd5 Nxd5
21. Qxd5 Qd6 22. Qxd6 cxd6 23. Nc4 Rf6 24. Nb6 Ra7 25. Nxd7 Rxd7 26. Bxa6 Rf8 27. Rd1 Ra8 28. Bc4 Bf8 29. Bb2 g5 30. Bxe5+ Bg7
31. Bxg7+ Kxg7 32. a6 h6 33. e5 Rad8 34. a7 Ra8 35. exd6 Kf6 36. h3 Ke5 37. Re1+ Kxd6 38. Ra6+ Kc7 39. Bb5 Rdd8 40. Re7+ Kc8
41. Rc6#
1-0

[Event "2023 Standard Chess Dropout Tournament, Round 1"]
[Site "SchemingMind.com"]
[Date "2023.01.01"]
[Round "1"]
[White "Megabulles"]
[Black "Chessibelle"]
[Result "1-0"]
[WhiteCountry "GER"]
[BlackCountry "ENG"]
[WhiteElo "2243"]
[WhiteRD "100"]
[BlackElo "1088"]
[BlackRD "55"]
[GameID "729948"]

1. d4 d5 2. Nf3 Nf6 3. e3 Bd7 4. Bd3 g6 5. O-O e6 6. Nbd2 Be7 7. c3 O-O 8. Ne5 Be8 9. e4 c6 10. Re1 Qd6
11. exd5 Qxd5 12. Ne4 b6 13. Bh6 Kh8 14. Bxf8 Bxf8 15. Nxf6 Nd7 16. Nfxd7 Bd6 17. Nf6 Qa5 18. b4 Bxb4 19. cxb4 Qxb4 20. Nxe8 Rxe8
21. Nxf7+ Kg7 22. Ng5 Qxd4 23. Nxe6+ Rxe6 24. Rxe6 c5 25. Bf1 Qf4 26. Qd7+ Kh6 27. Rae1 c4 28. R1e5 c3 29. Re7 g5 30. Rxh7+
1-0

[Event "2023 Standard Chess Dropout Tournament, Round 1"]
[Site "SchemingMind.com"]
[Date "2023.01.06"]
[Round "1"]
[White "mochiron"]
[Black "Transcendent"]
[Result "1-0"]
[WhiteCountry "JPN"]
[BlackCountry "ENG"]
[WhiteElo "1351"]
[WhiteRD "66"]
[BlackElo "2097"]
[BlackRD "83"]
[GameID "729949"]

1. b4 e5 2. Bb2 Bxb4 3. Bxe5 Nf6 4. c3 Be7 5. Bxf6 Bxf6 6. e4 d5 7. Bd3 O-O 8. Nf3 dxe4 9. Bxe4 Re8 10. O-O Rxe4
11. Na3 Qe7 12. Nc2 Nd7 13. Re1 b6 14. Rxe4 Qxe4 15. Ne3 Nc5 16. Ne1 Bb7 17. f3 Qe6 18. Qe2
1-0

[Event "2023 Standard Chess Dropout Tournament, Round 1"]
[Site "SchemingMind.com"]
[Date "2023.01.02"]
[Round "1"]
[White "Ninaner2"]
[Black "Enri Arturo"]
[Result "1/2-1/2"]
[WhiteCountry "NED"]
[BlackCountry "CUB"]
[WhiteElo "2287"]
[WhiteRD "94"]
[BlackElo "2529"]
[BlackRD "106"]
[GameID "729951"]

1. d4 Nf6 2. c4 e6 3. Nf3 d5 4. g3 Bb4+ 5. Bd2 Be7 6. Bg2 O-O 7. O-O Nbd7 8. Qc2 c6 9. Bf4 b6 10. Rd1 Bb7
11. Ne5 Nh5 12. Bd2 Nhf6 13. cxd5 cxd5 14. Nc6 Qe8 15. Nxe7+ Qxe7 16. Qb3 Rfc8 17. a4 Nb8 18. Qa3 Qd8 19. a5 Ba6 20. Nc3 Nc6
21. Bg5 h6 22. Bxf6 Qxf6 23. e3 bxa5 24. e4 Rab8 25. exd5 Nxd4 26. Qxa5 Ne2+ 27. Nxe2 Bxe2 28. Re1 Bc4 29. dxe6 Bxe6 30. Qxa7 Rxb2
31. h4 Rc7=
1/2-1/2

[Event "2023 Standard Chess Dropout Tournament, Round 1"]
[Site "SchemingMind.com"]
[Date "2023.01.06"]
[Round "1"]
[White "Thomas Meehan"]
[Black "Wojciech  Langer"]
[Result "0-1"]
[WhiteCountry "ENG"]
[BlackCountry "INT"]
[WhiteElo "1502"]
[WhiteRD "154"]
[BlackElo "1618"]
[BlackRD "97"]
[GameID "729954"]

1. c4 d6 2. Nc3 e5 3. g3 f5 4. Bg2 Nf6 5. d3 h6 6. Nf3 Bd7 7. O-O Nc6 8. a3 g5 9. e3 a6 10. b4 Qe7
11. Bb2 Rg8 12. b5 Nd8 13. a4 b6 14. Qc2 a5 15. Nd5 Nxd5 16. cxd5 Ra7 17. Ra3 Bc8 18. Rc3 e4 19. dxe4 fxe4 20. Nd4 Rg7
21. Bxe4 Qf7 22. Nf5 Bxf5 23. Bxf5 Qxd5 24. Qe4+ Qxe4 25. Bxe4 g4 26. Bc6+ Nxc6 27. Rxc6 Re7 28. Rc4 h5 29. Re1 Bg7 30. Bxg7 Rxg7
31. Re4+ Re7 32. Rxe7+ Kxe7 33. Kg2 Ra8 34. h3 Ke6 35. h4 Ke5 36. Rc1 Rc8 37. f4+ Kd5 38. Kf2 Ke6 39. e4 Kd7 40. Ke3 c6
41. f5 c5 42. Kf4 Rg8 43. f6 Ke6 44. Rf1 Kxf6 45. Ke3+ Ke7 46. Rf5 Rf8 47. Kd3 Rxf5 48. exf5 Kf6 49. Ke4 c4 50. Kd4 d5
51. Kxd5 c3 52. Kc6 c2 53. Kxb6 c1=Q 54. Kxa5 Qc3+ 55. Ka6 Qxg3 56. b6 Kxf5 57. b7 Qb8 58. Kb6 g3 59. a5 g2 60. a6 g1=Q+
61. Kc6 Qga7 62. Kb5 Qe8+ 63. Ka5 Qc6
0-1

[Event "2023 Standard Chess Dropout Tournament, Round 1"]
[Site "SchemingMind.com"]
[Date "2023.01.04"]
[Round "1"]
[White "pawngrabber"]
[Black "NYNH"]
[Result "0-1"]
[WhiteCountry "ENG"]
[BlackCountry "USA"]
[WhiteElo "1745"]
[WhiteRD "81"]
[BlackElo "2052"]
[BlackRD "119"]
[GameID "729956"]

1. d4 Nf6 2. c4 c5 3. d5 b5 4. cxb5 a6 5. b6 e6 6. Nc3 Nxd5 7. Nxd5 exd5 8. Nf3 Bb7 9. e3 Qxb6 10. Be2 Be7
11. O-O O-O 12. a4 d6 13. Rb1 Nd7 14. Bd2 Bf6 15. a5 Qc7 16. Qc2 Rfe8 17. Rfe1 Ne5 18. b3 d4 19. Nxd4 Qd7 20. Nf3 Qg4
21. h3 Qe6 22. e4 Nc6 23. Bc4 Qe7 24. b4 cxb4 25. Bxb4 Nxb4 26. Rxb4 d5 27. Rxb7 Qxb7 28. Bxd5 Qc8 29. Qa2 Ra7 30. e5 Bd8
31. e6 Kh8 32. Ne5 fxe6 33. Bc6 Rf8 34. Rd1 Bf6 35. Bd7 Qc5 36. Ng4 Bd4 37. Bxe6 h5 38. Ne3 Bxe3 39. fxe3 Qxe3+ 40. Kh1 Qg3
41. Rg1 Re7 42. Bd5 Rfe8
0-1

[Event "2023 Standard Chess Dropout Tournament, Round 1"]
[Site "SchemingMind.com"]
[Date "2023.01.02"]
[Round "1"]
[White "peeuukoo"]
[Black "Kid A"]
[Result "0-1"]
[WhiteCountry "FIN"]
[BlackCountry "FIN"]
[WhiteElo "1761"]
[WhiteRD "108"]
[BlackElo "1931"]
[BlackRD "83"]
[GameID "729957"]

1. d4 e5 2. dxe5 Nc6 3. Nf3 Nge7 4. e4 Ng6 5. Bc4 Ncxe5 6. Nxe5 Nxe5 7. Bb3 Bc5 8. O-O O-O 9. Bf4 d6 10. Nd2 a5
11. a4 Be6 12. Bxe5 dxe5 13. Bxe6 fxe6 14. Qe2 Qf6 15. Nc4 b6 16. Ne3 Rad8 17. Rad1 Qf4 18. Rxd8 Rxd8 19. Rd1 Rd4 20. c3 Rxe4
21. Rd8+ Kf7 22. Qh5+ Ke7 23. g3 Qh6 24. Re8+ Kd6 25. Rd8+ Ke7 26. Re8+ Kd6 27. Qd1+ Kc6 28. Qd8 Rxa4 29. Qa8+ Kb5 30. c4+ Rxc4
31. Nxc4 Qc1+ 32. Kg2 Qxc4 33. Rd8 c6 34. Rd1 h5 35. Qd8 Bd4 36. Qh4 Qd5+ 37. f3 Qb3 38. Rd2 Qe3 39. Rc2 Qg1+ 40. Kh3 Qf1+
41. Rg2 Qxf3 42. Qg5 Qf5+ 43. Kh4 Qxg5+ 44. Kh3 Qg4#
0-1

[Event "2023 Standard Chess Dropout Tournament, Round 1"]
[Site "SchemingMind.com"]
[Date "2023.01.05"]
[Round "1"]
[White "Dan Geana"]
[Black "John Elburg"]
[Result "1/2-1/2"]
[WhiteCountry "ROU"]
[BlackCountry "NED"]
[WhiteElo "2548"]
[WhiteRD "117"]
[BlackElo "2575"]
[BlackRD "120"]
[GameID "729958"]

1. e4 e5 2. Nf3 Nc6 3. Bc4 Bc5 4. d3 Nf6 5. c3 d6 6. O-O a6 7. a4 Ba7 8. Re1 O-O 9. h3 h6 10. Nbd2 Re8
11. b4 Be6 12. Bxe6 Rxe6 13. Qc2 Qd7 14. Nf1 d5 15. Be3 d4 16. cxd4 Nxd4 17. Nxd4 Bxd4 18. Bxd4 Qxd4 19. Qxc7 Qxb4 20. Ne3 Ne8
21. Qc2 Rc6 22. Qb1 Qxb1 23. Raxb1 Nd6 24. Nd5 Rc2 25. Rec1 Rxc1+ 26. Rxc1 b5 27. Rc6 Nb7 28. axb5 axb5 29. g3 Kh7 30. Rc7 Nd8
31. Rd7 Ne6 32. Rxf7 Nc5 33. Nb4 Ra4 34. Rc7 Nxe4 35. Nc6 Nd6 36. Nxe5 b4 37. Rc2 Nb7 38. Rb2 Nc5 39. d4 Ne6 40. Nd3 Nxd4
41. Nxb4 h5 42. Nd5 Ra5 43. Nc3 h4 44. Kg2 hxg3 45. fxg3 Ra3 46. Ne4 Nf5 47. Rb5 Ra2+ 48. Nf2 Ne3+ 49. Kf3 Ra3 50. Ne4 Nd5+
51. Kg2 Ra2+ 52. Kf1 Ra1+ 53. Ke2 Ra2+ 54. Kd3 Ra3+ 55. Kc4 Nf6 56. Nc3 Ra1 57. Kd3 Rh1 58. h4 Rg1 59. Ne2 Ra1 60. Nc3 Rg1
61. Rg5 Ra1 62. Ke2 Kh6 63. Re5 Ra3 64. Rc5 Ra1 65. Rc6 Kh7 66. Kf3 Rf1+ 67. Ke2 Rc1 68. Kd2 Rg1 69. Ne2 Ra1 70. Re6 Ra3
71. Ke1 Rf3 72. Re5 Kh8 73. Kd2 Rb3 74. Ke1 Rb1+ 75. Kd2 Rb4 76. Kc3 Ra4 77. Kc2 Rg4 78. Kd3 Ra4 79. Nc3 Rg4 80. Ne2 Ra4
81. Nc3 Rg4 82. Rg5 Rxg5=
1/2-1/2

[Event "2023 Standard Chess Dropout Tournament, Round 1"]
[Site "SchemingMind.com"]
[Date "2023.01.02"]
[Round "1"]
[White "pmdpsp"]
[Black "heuschrecke"]
[Result "0-1"]
[WhiteCountry "GER"]
[BlackCountry "GER"]
[WhiteElo "1755"]
[WhiteRD "85"]
[BlackElo "2349"]
[BlackRD "80"]
[GameID "729960"]

1. d4 d5 2. Nf3 Bf5 3. e3 e6 4. Bd3 c6 5. O-O Nd7 6. Bxf5 exf5 7. Ne5 Nxe5 8. dxe5 Qc7 9. f4 f6 10. exf6 Nxf6
11. Nc3 g6 12. Bd2 O-O-O 13. Qe2 Bd6 14. Rad1 Rhe8 15. a3 d4 16. Nb1 Bxf4 17. Qc4 Bxh2+ 18. Kh1 dxe3 19. Bc3 Rxd1 20. Rxd1 Ng4
0-1

[Event "2023 Standard Chess Dropout Tournament, Round 1"]
[Site "SchemingMind.com"]
[Date "2023.01.06"]
[Round "1"]
[White "pnwmusichound"]
[Black "LockettJ"]
[Result "0-1"]
[WhiteCountry "USA"]
[BlackCountry "ENG"]
[WhiteElo "1880"]
[WhiteRD "90"]
[BlackElo "2061"]
[BlackRD "91"]
[GameID "729961"]

1. e4 e6 2. d4 d5 3. e5 c5 4. c3 Qb6 5. Nf3 Nc6 6. Be2 cxd4 7. cxd4 Nh6 8. Bxh6 Qxb2 9. Nbd2 gxh6 10. O-O Nxd4
11. Qa4+ Nc6 12. Rab1 Qa3 13. Bb5 Bd7 14. Nb3 Qxa4 15. Bxa4 Nxe5 16. Nxe5 Bxa4 17. Rfc1 Bd6 18. Nf3 Bd7 19. Nc5 b6 20. Nxd7 Kxd7
21. a4 Rhc8 22. Re1 Rc2 23. Ne5+ Bxe5 24. Rxe5 Rac8 25. h3 Kd6 26. Rh5 Rc1+ 27. Rxc1 Rxc1+ 28. Kh2 Kc5 29. Kg3 Kb4 30. Kf3 d4
31. Ke2 Kc3 32. a5 d3+
0-1

[Event "2023 Standard Chess Dropout Tournament, Round 1"]
[Site "SchemingMind.com"]
[Date "2023.01.06"]
[Round "1"]
[White "pompey"]
[Black "Rubén Pulido "]
[Result "1/2-1/2"]
[WhiteCountry "ENG"]
[BlackCountry "CUB"]
[WhiteElo "2528"]
[WhiteRD "131"]
[BlackElo "2530"]
[BlackRD "109"]
[GameID "729962"]

1. e4 c5 2. Nf3 d6 3. d4 cxd4 4. Nxd4 Nf6 5. Nc3 a6 6. Be3 e5 7. Nf3 Be7 8. Bc4 O-O 9. Bb3 Be6 10. O-O Nc6
11. Qe2 Na5 12. Rfd1 Nxb3 13. axb3 Qc7 14. Bg5 Rac8 15. Bxf6 Bxf6 16. Rac1 Qc6 17. h3 b5 18. Qe3 Bd8 19. Qd3 Be7 20. Nd5 Bd8
21. Ne3 Be7 22. b4 g6 23. h4 Qb7 24. Nd5 Bxd5 25. Qxd5 Qxd5 26. Rxd5 f5 27. exf5 gxf5 28. c3 f4 29. Ra1 Ra8 30. Ng5 h6
31. Ne4 Kf7 32. f3 Ke6 33. Rad1 Rfd8 34. Kh2 Rab8 35. R1d2 Rb6 36. Kh3 Rc6 37. Kg4 Rf8 38. Kh3=
1/2-1/2

[Event "2023 Standard Chess Dropout Tournament, Round 1"]
[Site "SchemingMind.com"]
[Date "2023.01.04"]
[Round "1"]
[White "private napoleon"]
[Black "Holty"]
[Result "1/2-1/2"]
[WhiteCountry "ENG"]
[BlackCountry "ENG"]
[WhiteElo "1705"]
[WhiteRD "94"]
[BlackElo "1721"]
[BlackRD "65"]
[GameID "729963"]

1. e4 e6 2. d4 d5 3. e5 c5 4. Qg4 cxd4 5. Nf3 f5 6. Qg3 Nc6 7. Bd3 Qc7 8. O-O g6 9. Re1 Bg7 10. a3 Nh6
11. b4 Nf7 12. Bb5 Bd7 13. Bxc6 Bxc6 14. Bb2 Bd7 15. Bxd4 O-O 16. c3 Ba4 17. h4 h5 18. Qxg6 Nh8 19. Qxe6+ Qf7 20. Ng5 Qxe6
21. Nxe6 Rf7 22. Nd2 Bh6 23. f4 Ng6 24. g3 b6 25. Nf3 Re8 26. Neg5 Bxg5 27. Nxg5 Rg7 28. Re2 Ne7 29. Rb1 Bb5 30. Re3 Rg6
31. Rbe1 Nc6 32. Rc1 Rc8 33. Ree1 Nxd4 34. cxd4 Rgc6 35. Rxc6 Rxc6 36. e6 Kf8 37. Re5 Rc1+ 38. Kg2 Rc2+ 39. Kf3 Rc3+ 40. Kf2 Rc2+
41. Kg1 Rc1+ 42. Kg2 Rc2+ 43. Kg1=
1/2-1/2

[Event "2023 Standard Chess Dropout Tournament, Round 1"]
[Site "SchemingMind.com"]
[Date "2023.01.01"]
[Round "1"]
[White "Raymond de Kemp"]
[Black "Diadoco"]
[Result "0-1"]
[WhiteCountry "NED"]
[BlackCountry "MEX"]
[WhiteElo "1833"]
[WhiteRD "71"]
[BlackElo "2033"]
[BlackRD "106"]
[GameID "729964"]

1. f4 d5 2. Nf3 c5 3. g3 Nc6 4. Bg2 g6 5. O-O Bg7 6. d3 Nf6 7. c3 O-O 8. Na3 b6 9. Qe1 Ba6 10. Rb1 Qd6
11. Kh1 Rad8 12. Nc2 Rfe8 13. b4 cxb4 14. cxb4 Bb5 15. Bb2 Ng4 16. Bxg7 Kxg7 17. h3 Nf6 18. Ncd4 Nxd4 19. Nxd4 Bd7 20. f5 e5
21. fxe6 fxe6 22. g4 e5 23. Qg3 Qe7 24. Nf3 Bc6 25. b5 Bb7 26. Rbc1 d4 27. Nh4 Bxg2+ 28. Qxg2 Nd5 29. Qg3 Nc3 30. Rf2 Nxb5
31. Rcf1 Rf8 32. Rxf8 Rxf8 33. Rxf8 Kxf8 34. Qf3+ Kg7 35. Qg3 Nd6 36. Nf3 Nf7 37. g5 b5 38. h4 b4 39. Nd2 Nd6 40. Nf3 Nf7
41. Nd2 Qb7+ 42. Kh2 Qd5 43. Nc4 a5 44. e4 dxe3 45. Qxe3 Kf8 46. Qe4 Qxe4 47. dxe4 a4 48. a3 bxa3 49. Nxa3 Nd6 50. Kg2 Nxe4
51. Kf3 Nd6 52. Ke3 Ke7 53. Kd3 Ke6 54. Kc3 Kf5
0-1

[Event "2023 Standard Chess Dropout Tournament, Round 1"]
[Site "SchemingMind.com"]
[Date "2023.01.04"]
[Round "1"]
[White "Reun29"]
[Black "Ronald R. Nurmi"]
[Result "0-1"]
[WhiteCountry "SUI"]
[BlackCountry "USA"]
[WhiteElo "1938"]
[WhiteRD "104"]
[BlackElo "1795"]
[BlackRD "94"]
[GameID "729965"]

1. e4 d5 2. exd5 Qxd5 3. Nc3 Qd6 4. d4 Nf6 5. Nf3 c6 6. Ne5 Nbd7 7. Nc4 Qc7 8. Qf3 Nb6 9. Bf4 Qd7 10. Nxb6 axb6
11. Rd1 Qg4 12. Be2 Qxf3 13. Bxf3 Bf5 14. Rd2 e6 15. a3 Be7 16. O-O O-O 17. Re1 Rfe8 18. h3 Nd5 19. Nxd5 exd5 20. Rde2 Kf8
21. Be5 f6 22. Bg3 b5 23. Kf1 Bg6 24. h4 Rad8 25. c3 Bd3 26. Kg1 Bxe2 27. Bxe2 Bd6 28. Kh2 Bxg3+ 29. Kxg3 Re6 30. f4 Rde8
31. Kf2 b6 32. b4 Re3 33. g4 Rxc3 34. g5 Rxa3 35. gxf6 g6 36. h5 gxh5 37. Bxh5 Rxe1 38. Kxe1 Rd3 39. Ke2 Rxd4
0-1

[Event "2023 Standard Chess Dropout Tournament, Round 1"]
[Site "SchemingMind.com"]
[Date "2023.01.02"]
[Round "1"]
[White "Robert Hatfield"]
[Black "Andoni Zabala"]
[Result "1/2-1/2"]
[WhiteCountry "USA"]
[BlackCountry "INT"]
[WhiteElo "1786"]
[WhiteRD "65"]
[BlackElo "1773"]
[BlackRD "85"]
[GameID "729966"]

1. e4 e5 2. Nf3 Nc6 3. Nc3 Nf6 4. Bb5 Bb4 5. O-O d6 6. d3 O-O 7. Bg5 Bxc3 8. bxc3 Ne7 9. Bxf6 gxf6 10. Qd2 c6
11. Ba4 Ng6 12. Qh6 Kh8 13. d4 Rg8 14. Bb3 Be6 15. Rab1 Qe7 16. Nh4 Nxh4 17. Qxh4 Rg4 18. Qh6 Rag8 19. g3 R8g6 20. Qd2 Rxe4
21. Bxe6 Qxe6 22. f3 Rh4 23. Rf2 Qh3 24. Rg2 Rhh6 25. Rxb7 Kg7 26. Rxa7 f5 27. dxe5 dxe5 28. Qd7 Rf6 29. g4 fxg4 30. Qxg4+ Qxg4
31. Rxg4+ Rhg6 32. Rxg6+ hxg6 33. Kg2 Rf4 34. Ra3 Rc4 35. Rb3 f5 36. Kg3 Kf6 37. h4= e4 38. fxe4 Rxe4 39. Rb4 Re3+ 40. Kf4 Rxc3
41. a4 Rxc2 42. a5 Ra2 43. Rc4 Rxa5 44. Rxc6+ Kf7 45. Rc7+ Kf6=
1/2-1/2